[Event "Montigny le Bretonneux Noel op 10th"]
[Site "Montigny le Bretonneux"]
[Date "2007.10.30"]
[Round "4"]
[White "Letang, Jerome"]
[Black "Bouvier, Clement"]
[Result "1-0"]
[WhiteElo "1819"]
[BlackElo "1668"]
[PlyCount "71"]
[EventDate "2007.12.26"]
[EventType "swiss"]
[EventRounds "7"]
[EventCountry "FRA"]
[SourceTitle "EXT 2008"]
[Source "ChessBase"]
[SourceDate "2007.11.25"]
[SourceVersion "1"]
[SourceVersionDate "2007.11.25"]
[SourceQuality "1"]

1. e4 d6 2. d4 g6 3. f4 Bg7 4. Nf3 Bg4 5. Be3 c5 6. c3 Qb6 7. Qa4+ Nd7 8. Bb5 0-0-0 9. 0-0 a6 10. Bc4 Be6 11. d5 Bg4 12. Ng5 Rf8 13. Nd2 h6 14. Ngf3 f5 15. Rab1 Bxf3 16. gxf3 Qc7 17. Qd1 g5 18. b4 Bxc3 19. bxc5 Nxc5 20. Nb3 b5 21. Nxc5 dxc5 22. d6 Qxd6 23. Qb3 Bd4 24. Be6+ Kc7 25. Bxd4 Qxd4+ 26. Kh1 c4 27. Bxc4 Nf6 28. Be6 Rb8 29. Rfd1 Qb6 30. e5 Ne8 31. Rd7+ Kc8 32. Rxe7+ Kd8 33. Rd7+ Kc8 34. Rc1+ Nc7 35. Rdxc7+ Kd8 36. Qd3+ 1-0

[Event "Montigny le Bretonneux Noel op 10th"]
[Site "Montigny le Bretonneux"]
[Date "2007.10.28"]
[Round "2"]
[White "Letang, Jerome"]
[Black "Jean, Robert"]
[Result "1-0"]
[WhiteElo "1819"]
[BlackElo "1864"]
[PlyCount "117"]
[EventDate "2007.12.26"]
[EventType "swiss"]
[EventRounds "7"]
[EventCountry "FRA"]
[SourceTitle "EXT 2008"]
[Source "ChessBase"]
[SourceDate "2007.11.25"]
[SourceVersion "1"]
[SourceVersionDate "2007.11.25"]
[SourceQuality "1"]

1. e4 c5 2. Nf3 d6 3. d4 cxd4 4. Nxd4 Nf6 5. Nc3 a6 6. Bg5 e6 7. f4 Be7 8. Qf3 Qc7 9. 0-0-0 Nbd7 10. g4 b5 11. Bxf6 Nxf6 12. g5 Nd7 13. f5 Bxg5+ 14. Kb1 Ne5 15. Qh5 Qd8 16. Nxe6 Bxe6 17. fxe6 g6 18. exf7+ Kxf7 19. Qe2 Kg7 20. Bh3 Rf8 21. Rhf1 Rxf1 22. Rxf1 Ra7 23. Be6 Re7 24. Bd5 Rc7 25. a3 Qc8 26. Bb3 Qd8 27. Qd1 Rc5 28. Ne2 Be3 29. Nd4 Bxd4 30. Qxd4 Rc7 31. Qb6 Qd7 32. Qxa6 Qc6 33. Qa5 Re7 34. Qd8 Qe8 35. Qxd6 Nc4 36. Bxc4 bxc4 37. Qd4+ Re5 38. Rf4 Qe6 39. Qd8 Qe7 40. Qxe7+ Rxe7 41. h4 Re5 42. b4 cxb3 43. cxb3 g5 44. hxg5 Rxg5 45. Kc2 h5 46. Kd3 Ra5 47. a4 Kg6 48. Kd4 Ra8 49. Kc5 Kg5 50. Rf1 h4 51. e5 h3 52. e6 Kg4 53. e7 h2 54. Kd6 Kg3 55. Kd7 Ra7+ 56. Ke6 Ra8 57. Kf7 Kg2 58. Re1 Ra7 59. Kf8 1-0

[Event "Montigny le Bretonneux-B 4th"]
[Site "Montigny le Bretonneux"]
[Date "2005.10.28"]
[Round "7"]
[White "Letang, Jerome"]
[Black "Mongey, Alain"]
[Result "1-0"]
[WhiteElo "1810"]
[BlackElo "1680"]
[PlyCount "49"]
[EventDate "2005.10.22"]
[EventType "tourn"]
[EventRounds "9"]
[EventCountry "FRA"]
[SourceTitle "EXT 2008"]
[Source "ChessBase"]
[SourceDate "2007.11.25"]
[SourceVersion "1"]
[SourceVersionDate "2007.11.25"]
[SourceQuality "1"]

1. e4 c5 2. Nf3 Nc6 3. d4 cxd4 4. Nxd4 Nxd4 5. Qxd4 d6 6. Nc3 Bd7 7. Bc4 Bc6 8. Be3 Nf6 9. f3 g6 10. 0-0-0 Qc7 11. Nb5 Qb6 12. Qxb6 axb6 13. Nc7+ Kd8 14. Nxa8 b5 15. Bxf7 Bg7 16. Nb6 Kc7 17. Nd5+ Nxd5 18. Bxd5 Ra8 19. Kb1 Kd7 20. h4 e6 21. Bxc6+ bxc6 22. h5 gxh5 23. Rxh5 h6 24. Bxh6 Rh8 25. Rdh1 1-0

[Event "Montigny le Bretonneux-B 4th"]
[Site "Montigny le Bretonneux"]
[Date "2005.10.25"]
[Round "4"]
[White "Couronne, Patrice"]
[Black "Letang, Jerome"]
[Result "1-0"]
[WhiteElo "1750"]
[BlackElo "1810"]
[PlyCount "33"]
[EventDate "2005.10.22"]
[EventType "tourn"]
[EventRounds "9"]
[EventCountry "FRA"]
[SourceTitle "EXT 2008"]
[Source "ChessBase"]
[SourceDate "2007.11.25"]
[SourceVersion "1"]
[SourceVersionDate "2007.11.25"]
[SourceQuality "1"]

1. b3 e5 2. Bb2 Nc6 3. e3 d5 4. Bb5 Bd6 5. f4 Qe7 6. Nf3 Bg4 7. h3 Bxf3 8. Qxf3 Nf6 9. Nc3 e4 10. Qg3 0-0-0 11. Bxc6 bxc6 12. Ne2 Rhg8 13. Nd4 Qd7 14. Qf2 h5 15. Qe2 Kb8 16. Qa6 c5 17. Nc6+ 1-0

[Event "Montigny le Bretonneux-B 4th"]
[Site "Montigny le Bretonneux"]
[Date "2005.10.22"]
[Round "1"]
[White "Delpech, Olivier"]
[Black "Letang, Jerome"]
[Result "0-1"]
[WhiteElo "1770"]
[BlackElo "1810"]
[PlyCount "54"]
[EventDate "2005.10.22"]
[EventType "tourn"]
[EventRounds "9"]
[EventCountry "FRA"]
[SourceTitle "EXT 2008"]
[Source "ChessBase"]
[SourceDate "2007.11.25"]
[SourceVersion "1"]
[SourceVersionDate "2007.11.25"]
[SourceQuality "1"]

1. c4 Nf6 2. Nc3 g6 3. g3 Bg7 4. Bg2 0-0 5. e3 c5 6. Nge2 Nc6 7. 0-0 d6 8. d4 Bd7 9. h3 Rb8 10. b3 a6 11. Bb2 b5 12. cxb5 axb5 13. Rc1 c4 14. Nd5 Nxd5 15. bxc4 bxc4 16. Bxd5 Rxb2 17. Rxc4 Nb4 18. Bg2 Bb5 19. Qc1 Nd3 20. Qc3 Bxc4 21. Qxc4 Rxe2 22. a4 Rxf2 23. Rxf2 Nxf2 24. Kxf2 Qa5 25. Ke2 Rb8 26. Bc6 Rb2+ 27. Kf3 Qf5# 0-1

[Event "Montigny le Bretonneux 3rd"]
[Site "Montigny le Bretonneux"]
[Date "2004.10.24"]
[Round "1"]
[White "Delpech, Olivier"]
[Black "Letang, Jerome"]
[Result "0-1"]
[WhiteElo "1700"]
[BlackElo "1850"]
[PlyCount "74"]
[EventDate "2004.10.??"]
[EventType "swiss"]
[EventRounds "9"]
[EventCountry "FRA"]
[SourceTitle "EXT 2006"]
[Source "ChessBase"]
[SourceDate "2005.11.24"]
[SourceVersion "1"]
[SourceVersionDate "2005.11.24"]
[SourceQuality "1"]

1. c4 Nf6 2. Nc3 g6 3. g3 Bg7 4. Bg2 0-0 5. e3 c6 6. d4 Na6 7. Nge2 Nc7 8. 0-0 a6 9. a3 b5 10. cxb5 axb5 11. b4 Bb7 12. f4 Nfd5 13. Nxd5 Nxd5 14. e4 Nxb4 15. Be3 Na6 16. e5 Nc7 17. Nc3 Rb8 18. Qb3 Na8 19. Rad1 Nb6 20. Rfe1 Nc4 21. Bf2 e6 22. Bf1 d5 23. exd6 Nxd6 24. Qb4 Qc7 25. Rc1 Ba8 26. Qc5 Rfd8 27. Nxb5 Nxb5 28. Bxb5 Rd5 29. Qc4 Rdxb5 30. a4 Rb4 31. Qc2 Qb7 32. Red1 c5 33. d5 exd5 34. Bxc5 d4 35. Bxb4 Qh1+ 36. Kf2 Qg2+ 37. Ke1 Re8+ 0-1